00593nam a2200193Ia 4500008004100000020001800041082000800059100001800067245005100085250000600136260003900142300001600181500002400197650001500221700004900236942000700285952009000292999001700382230524s9999 xx 000 0 und d a9789380578767 bKAM aS.Kamakshaiah 0aElectrical Mesurments and Mesuring Instruments a1 aNew DelhibI.K.Internationalc2015 a"XIX,517p;" aQuantity Number: 1 aElectrical a"Pannala Krishna Murthy,& J.Amarnath"943016 cBK 00104070aTATCLbTATCLcGENd2023-05-24l0o KAMp54250r2023-05-24w2023-05-24yBK c57959d57959